Score 0/31 Timer 05:00
0 Plays Today
% Correct
Montréal Canadiens
42.4%
Buffalo Sabres
33.3%
Boston Bruins
27.3%
Dallas Stars
27.3%
Anaheim Ducks
24.2%
Calgary Flames
24.2%
Chicago Blackhawks
24.2%
Colorado Avalanche
24.2%
Edmonton Oilers
24.2%
Los Angeles Kings
24.2%
Vegas Golden Knights
24.2%
Detroit Red Wings
21.2%
Minnesota Wild
21.2%
Vancouver Canucks
21.2%
Florida Panthers
18.2%
Nashville Predators
18.2%
% Correct
New York Rangers
18.2%
Tampa Bay Lightning
18.2%
Toronto Maple Leafs
18.2%
Carolina Hurricanes
15.2%
Pittsburgh Penguins
15.2%
San Jose Sharks
15.2%
Arizona Coyotes
12.1%
Columbus Blue Jackets
12.1%
New York Islanders
12.1%
Ottawa Senators
12.1%
Philadelphia Flyers
12.1%
St Louis Blues
12.1%
Washington Capitals
12.1%
Winnipeg Jets
12.1%
New Jersey Devils
9.1%
Remove Ads.
Support Sporcle.
Get the best of Sporcle when you Go Orange. This ad-free experience offers more features, more stats, and more fun while also helping to support Sporcle. Thank you for becoming a member.

You're not logged in!

Compare scores with friends on all Sporcle quizzes.
OR
Log In

Show Comments

Extras

Top Quizzes Today


Score Distribution

Your Account Isn't Verified!

In order to create a playlist on Sporcle, you need to verify the email address you used during registration. Go to your Sporcle Settings to finish the process.

Report this User

Report this user for behavior that violates our Community Guidelines.

Details: